LEADER 00918nam0-22002891i-450- 001 990001851400403321 005 20080221151204.0 035 $a000185140 035 $aFED01000185140 035 $a(Aleph)000185140FED01 035 $a000185140 100 $a20030910d1925----km-y0itay50------ba 101 0 $afre 102 $aCA 200 1 $aCulture du prunier et varietes recommandees pour les differentes parties du Canada avec leur description$fW.T. Macoun 210 $aOttawa$cF.A. Acland$d1925 215 $a79 p.$d23 cm 610 0 $aPrunus 676 $a634.22 700 1$aMacoun,$bWilliam Tyrrell$f<1869-1933>$072964 801 0$aIT$bUNINA$gRICA$2UNIMARC 901 $aBK 912 $a990001851400403321 952 $a60 MISC. B 77/5$fFAGBC 959 $aFAGBC 996 $aCulture du prunier et varietes recommandees pour les differentes parties du Canada avec leur description$9413798 997 $aUNINA LEADER 00988nam0 22002411i 450 001 UON00210815 005 20231205103334.153 010 $a88-7228-195-4 100 $a20030730d1998 |0itac50 ba 101 $aita 102 $aIT 105 $a|||| ||||| 200 1 $aˆLe ‰Italie Bizantine$eTerritorio, insediamenti ed economia nella provincia bizantina d'Italia (VI-VIII secolo)$fEnrico Zanini 210 $aBari$cEdipuglia$d1998. 386 p.$cill. ; 24 cm. 606 $aItalia$xDominazione bizantina$3UONC044139$2FI 676 $a945.01$cStoria d'Italia. Primo periodo fino al 774$v21 700 1$aZANINI$bEnrico$3UONV016036$0163282 801 $aIT$bSOL$c20250801$gRICA 899 $aSIBA - SISTEMA BIBLIOTECARIO DI ATENEO$2UONSI 912 $aUON00210815 950 $aSIBA - SISTEMA BIBLIOTECARIO DI ATENEO$dSI BIZANTINO C 0056 $eSI EO 29220 5 0056 996 $aItalie bizantine$9484867 997 $aUNIOR